Using OS/2 2.0 /

Salvato in:
Dettagli Bibliografici
Autori principali: Nance, Barry (Autore), Chicares, Greg (Autore)
Natura: Libro
Lingua:inglese
Pubblicazione: Carmel : by Que Corporation, 1992
Tags: Aggiungi Tag
Nessun Tag, puoi essere il primo ad aggiungerne!!

MARC

LEADER 00000nam a22000003a 4500
001 stu21321
005 20150617225750.9
008 930531s1992----xxu-----------------eng-d
020 |a 0-88022-863-6 
040 |a STU  |b slo 
041 0 |a eng 
044 |a xxu 
080 |a 681.3.06 
100 1 |a Nance, Barry  |4 aut 
245 1 |a Using OS/2 2.0 /  |c [aut.]Nance,Barry, Chicares,Greg 
260 |a Carmel :  |b by Que Corporation,  |c 1992 
300 |a 472 s :  |b Obr.,index 
700 1 |a Chicares, Greg  |4 aut 
996 |b C91387  |c C*91387  |l CCXX  |s P  |a 0  |w stu21321_0001